ბათუმის შოთა რუსთაველის სახელმწიფო უნივერსიტეტის ბიბლიოთეკა

Интенсивные технологии возделывания сельско-хозяйственных культур. (ბიბ.ჩანაწერი № 35629)

000 -LEADER
fixed length control field 00747nam a2200217Ia 4500
001 - CONTROL NUMBER
control field 1499
003 - CONTROL NUMBER IDENTIFIER
control field GE_BSU
008 - FIXED-LENGTH DATA ELEMENTS--GENERAL INFORMATION
fixed length control field 181216s||||||||xx |||||||||||||| ||und||
020 ## - INTERNATIONAL STANDARD BOOK NUMBER
International Standard Book Number 5100004266
040 ## - CATALOGING SOURCE
Transcribing agency GE_BSU
080 ## - UNIVERSAL DECIMAL CLASSIFICATION NUMBER
Universal Decimal Classification number 633(075.8):631.151.2(075.8)
245 ## - TITLE STATEMENT
Title Интенсивные технологии возделывания сельско-хозяйственных культур.
245 ## - TITLE STATEMENT
Remainder of title Уч-е пособие для студ.
260 ## - PUBLICATION, DISTRIBUTION, ETC.
Place of publication, distribution, etc. Москва
260 ## - PUBLICATION, DISTRIBUTION, ETC.
Name of publisher, distributor, etc. Агропромиздат
260 ## - PUBLICATION, DISTRIBUTION, ETC.
Date of publication, distribution, etc. 1988
300 ## - PHYSICAL DESCRIPTION
Extent 301 с. 20 см.
653 ## - INDEX TERM--UNCONTROLLED
Uncontrolled term Интенсивные технологии возделывания сельско-хозяйственных культур.
942 ## - ADDED ENTRY ELEMENTS (KOHA)
Koha item type წიგნი
ეგზემპლარები
Withdrawn status Lost status Damaged status Not for loan Date acquired Barcode Date last seen Price effective from Koha item type
        2018-12-17 2878 2018-12-17 2018-12-17 წიგნი